000 00601nam a22001697a 4500
020 _a0750663685
020 _a9780750663687
050 _aHD58.9
_b.W259 2005
100 _aWard, Keith,;
245 _aDesigning world class corporate strategies :
_b Value-creating roles for corporate centres
260 _aAmsterdam ; Boston :
_bElsevier Butterworth-Heinemann,
_c2005.
300 _axii, 299 p. :
500 _aill. ; 25 cm. includes index.
650 _bStrategic planning, Organizational effectiveness.
_vBook :
_xEnglish
700 _aPrammer, J.; Schopper, F.; Bowman, Cliff
942 _cGEN
999 _c3510
_d3510